[Event "MPL 47th National Women Chess-ch 2022"]
[Site "Odisha"]
[Date "2022.02.27"]
[Round "5.2"]
[White "Chitlange Sakshi"]
[Black "Gomes, Mary Ann"]
[Result "1-0"]
[WhiteElo "2205"]
[BlackElo "2361"]
[Annotator "TA"]
[PlyCount "85"]
[EventDate "2022.02.25"]
[EventCountry "IND"]
[SourceTitle "playchess.com"]
[Source "ChessBase"]
[SourceQuality "1"]

{[%evp 19,85,15,63,32,72,41,77,37,70,68,99,84,96,85,113,89,89,96,89,77,94,93,96,99,151,152,237,260,245,245,242,215,222,190,180,154,162,118,112,111,114,110,108,68,111,85,87,47,65,45,70,81,1298,1282,1258,1239,1267,1293,1015,920,29963,29966,29959,29963,29965,12825,2506,1995]} 1. d4 Nf6 2. c4 e6 3. Nf3 Bb4+ 4. Bd2 Qe7 5. g3 Bxd2+ 6. Qxd2 b6 7. Bg2 Bb7 8. O-O O-O 9. Nc3 d6 10. Qc2 Nbd7 (10... c5 $11) 11. Rad1 {E16: Queen's Indian: 4 g3 Bb7 5 Bg2 Bb4+.} a5 12. Rfe1 Rfe8 13. b3 {White is better.} Rab8 14. e4 e5 15. Nd5 Nxd5 16. cxd5 {[#]} g6 $146 ({Predecessor:} 16... Ba6 17. Rc1 Ra8 18. Bh3 Ra7 19. Bxd7 Qxd7 20. dxe5 dxe5 21. Re3 Re7 22. Rc3 h6 {1-0 (46) Vodicka,M (1960)-Moreira,C (1722) LSS email 2012}) 17. Qc3 (17. Qxc7 $2 Rec8 18. Qc1 Rxc1 $19) 17... Rbc8 18. dxe5 Nxe5 19. Nd4 {[%cal Bf3d4,Bd4b5,Bb5d6][%mdl 32] Bh3 is the strong threat.} c5 20. dxc6 Bxc6 21. Qd2 {Strongly threatening f4.} Bb7 ({Better is} 21... Bd7) 22. Nb5 Rcd8 (22... f6 $16 23. Qd4 (23. Qxd6 Bc6 $16) (23. Nxd6 Rcd8 $16) 23... Bc6) 23. f4 $1 $18 (23. Nxd6 Rd7 24. f4 Red8 $1 25. fxe5 Qxe5 $11) 23... Ng4 24. h3 ({Much less strong is} 24. Nxd6 Qc7) 24... Nh6 25. Nxd6 Rd7 26. e5 Bxg2 27. Qxg2 Red8 28. Rc1 (28. Qc6 $18) 28... Nf5 $16 29. Nxf5 {White is much more active.} gxf5 30. Rc2 $36 {[%mdl 2048] Keeping Black busy.} h5 31. Rce2 Qe6 (31... Rd1 $14) 32. Qf3 Rd3 33. Re3 Rxe3 34. Rxe3 $14 {[%mdl 4096] Endgame KQR-KQR} Rd2 35. Rd3 ({Avoid the trap} 35. Qxh5 $2 Qc6 36. Qe2 Rxe2 37. Rxe2 Kf8 $19) 35... Rxa2 {[%mdl 8192] This move loses the game for Black.} (35... Rxd3 $16 36. Qxd3 f6) 36. Rd8+ $18 Kg7 37. Qa8 $1 {White threatens Rg8+ and mate.} (37. Qxh5 Ra1+ 38. Kf2 Ra2+ 39. Kg1 Ra1+ 40. Rd1 Rxd1+ 41. Qxd1 b5 $11) 37... Ra1+ 38. Kf2 {Threatening mate with Rg8+.} Ra2+ 39. Ke1 {White wants to mate with Rg8+.} f6 40. Qb7+ Kg6 {[#]} 41. Rd6 $1 Ra1+ {[#]} 42. Kd2 $1 Ra2+ 43. Kc3 {Weighted Error Value: White=0.12 (very precise) /Black=0.36} 1-0

[Event "MPL 47th National Women Chess-ch 2022"]
[Site "Odisha"]
[Date "2022.02.27"]
[Round "5.3"]
[White "Srija, Seshadri"]
[Black "Soumya, Swaminathan"]
[Result "1/2-1/2"]
[WhiteElo "2219"]
[BlackElo "2360"]
[Annotator "TA"]
[PlyCount "84"]
[EventDate "2022.02.25"]
[EventCountry "IND"]
[SourceTitle "playchess.com"]
[Source "ChessBase"]
[SourceQuality "1"]

{[%evp 16,84,29,33,28,33,35,25,21,15,19,33,24,13,32,0,0,0,0,-23,-28,-27,-25,-34,-34,-34,-34,-47,-34,-34,-12,-14,-13,-12,-12,-12,-12,-12,-12,-12,-10,-12,-14,-10,0,-32,0,0,0,-12,80,-8,0,-26,0,-13,-7,-8,-8,-16,0,0,0,0,0,0,0,0,0,-3,0]} 1. e4 c5 2. Nf3 Nc6 3. d4 cxd4 4. Nxd4 Nf6 5. Nc3 d6 6. Bg5 {[%cal Bc1g5,Bg5h4,Bh4g3][%mdl 32]} e6 7. Qd3 Bd7 8. O-O-O a6 9. f4 Be7 $1 {[%mdl 4] outshines the older 9...h6. B62: Sicilian: Richter-Rauzer: 6...e6: Unusual White 7th moves.} 10. Nf3 h6 11. Bh4 g5 {White has an edge.} 12. fxg5 Ng4 13. Bg3 {[%cal Og5g6] Hoping for g6!} hxg5 14. Be2 {[#]} ({Don't blunder} 14. Bxd6 $2 Nf2 15. Qe2 Nxh1 $19) 14... b5 $146 ({Predecessor:} 14... Qb6 15. h3 Qe3+ 16. Kb1 Qxd3 17. cxd3 Nge5 18. d4 Ng6 19. Na4 g4 20. Ng1 gxh3 {1-0 (60) Stefansson,H (2523)-Low,Z (2437) Marianske Lazne 2018}) 15. h3 ({Don't play} 15. Bxd6 Nf2 16. Qe3 Nxd1 17. Rxd1 g4 18. Bxe7 Qxe7 $17) 15... Nge5 16. Nxe5 Nxe5 17. Bxe5 dxe5 18. Rhf1 {[%cal Oc3d5]} Qc7 19. Nd5 exd5 20. Qxd5 Rc8 $1 {[%csl Gc8][%cal Rc7c2] [#]} 21. Qxf7+ Kd8 {[%csl Gc8][%cal Rc7c2,Be8d8,Bd8d7,Bd7c6,Bc6b6][%mdl 32]} 22. Rxd7+ Kxd7 {[%csl Gc8][%cal Rc7c2]} 23. Rd1+ $1 Kc6 {aiming for ...Kb7.} 24. Qe6+ $1 Bd6 $1 {[%cal Oc6b7]} (24... Kb7 $2 25. Rd7 Bc5 26. a4 $18) 25. Qd5+ $1 Kb6 {[%csl Gc8][%cal Rc7c2] [#]} 26. Qxd6+ Qxd6 27. Rxd6+ $11 {[%mdl 4096] Endgame KRR-KRB} Rc6 28. Rd5 Rf8 29. Bf3 Rfc8 30. c3 b4 31. Rxe5 bxc3 32. b3 c2 (32... Rc5 $11 33. Re7 Rd8) 33. Rd5 ({White should play} 33. Rxg5 $16 Rc3 34. Be2) 33... Rc3 {White must now prevent ...Re3.} 34. Rd2 (34. Rxg5 {gets mated.} Re3 35. Rg6+ Kb5 36. Rg5+ Kb4) 34... a5 35. Be2 {The position is equal.} Re3 {Threatens to win with ...Rcc3.} 36. Bc4 $1 Rxe4 37. Kxc2 a4 38. Kc3 axb3 39. axb3 g4 40. hxg4 Rxg4 41. Rd6+ Kc7 42. Rd2 Kb6 {Weighted Error Value: White=0.09 (flawless) /Black=0.08 (flawless)} 1/2-1/2

[Event "MPL 47th National Women Chess-ch 2022"]
[Site "Odisha"]
[Date "2022.02.27"]
[Round "5.4"]
[White "Divya Deshmukh"]
[Black "Priyanka Nutakki"]
[Result "1-0"]
[WhiteElo "2301"]
[BlackElo "2301"]
[Annotator "TA"]
[PlyCount "147"]
[EventDate "2022.02.25"]
[EventCountry "IND"]
[SourceTitle "playchess.com"]
[Source "ChessBase"]
[SourceQuality "1"]

{[%evp 22,147,47,23,27,20,23,21,41,20,15,12,33,20,28,27,30,35,35,10,44,49,44,45,45,45,64,63,54,10,153,151,169,169,169,169,165,151,173,137,207,216,271,258,257,264,307,87,300,300,300,293,408,266,639,631,800,756,741,677,668,668,641,636,621,607,568,418,443,395,392,361,448,433,658,650,521,477,464,464,464,448,433,375,859,841,883,791,696,0,354,0,322,325,304,315,287,0,441,441,693,687,638,659,1104,1043,926,939,964,1204,1216,1222,1317,1279,1566,1483,2237,2163,1290,1076,5181,5024,5296,3034,1707,2382,1383,1339]} 1. e4 e5 2. Nf3 Nf6 {[%cal Bg8f6,Bf6e4,Be4d2][%mdl 32]} 3. Nxe5 d6 4. Nf3 Nxe4 5. d4 d5 6. Bd3 Be7 7. O-O Nc6 8. Nbd2 Bf5 9. Re1 Nxd2 10. Qxd2 Bxd3 11. Qxd3 O-O 12. Bf4 (12. c3 {feels hotter.} Qd7 13. Bf4 Bf6 14. Rac1 a6 15. Bg5) 12... Bd6 {C42: Petroff Defence: 3 Nxe5 and unusual White 3rd moves.} 13. Bxd6 Qxd6 14. c3 a6 {[#] The position is equal.} 15. Re3 $146 (15. Ng5 $5 {[%cal Rd3h7]} Qg6 16. Qe3 $14) ({Predecessor:} 15. Ng5 Qg6 16. Qxg6 hxg6 17. h4 Rfe8 18. Nh3 Ne7 19. Nf4 c6 20. g4 Rad8 21. f3 {1-0 (57) Dominguez Perez,L (2739)-Li,C (2720) Doha 2016}) 15... Rae8 16. Rae1 Qd7 17. Ne5 Nxe5 18. dxe5 $40 {[%mdl 128] Black needs to defend precisely.} c5 19. f4 Rd8 20. Rg3 f5 21. e6 Qe7 22. Rge3 d4 23. Re5 dxc3 24. Qxc3 b6 25. Qc2 (25. Qb3 $14) 25... Rd4 (25... g6 $11 {keeps the balance.}) 26. Rxf5 $16 Rxf4 27. Rxf4 ({And not} 27. Rh5 g6 28. Rhe5 Qf6 $11) 27... Rxf4 {[%mdl 4096] Endgame KQR-KQR} 28. Qd3 {Qd7 is the strong threat.} Rf8 29. Qxa6 Qf6 {( -> ...Qf2+)} 30. Qe2 {To avoid Qf2+. Active counter play!} Re8 (30... Qe7 $16 {is a better defense.} 31. h3 h6) 31. e7 $18 g6 32. Qd2 Kg7 33. Qd7 Qf7 34. Re2 $2 (34. a3 $18) 34... Kg8 $2 (34... Qc4 $16 35. Re1 (35. Qxe8 Qc1+ 36. Kf2 Qf4+ 37. Kg1 Qc1+ 38. Kf2 Qf4+ 39. Kg1 Qc1+ $11) 35... Qd4+ 36. Qxd4+ cxd4) 35. Qd8 Kg7 36. Re1 b5 37. Qd7 b4 $2 (37... Kg8 38. Qd6 c4) 38. b3 Kg8 39. Qd6 c4 40. Qxb4 c3 41. Qxc3 Rxe7 42. Rxe7 Qxe7 {KQ-KQ} 43. a4 Qa7+ 44. Kf1 Qf7+ 45. Ke2 {aiming for Qc4.} Qe6+ 46. Qe3 Qa6+ 47. Qd3 Qe6+ (47... Qa8 $142 48. Qc4+ Kf8 49. Qc5+ Ke8) 48. Kd2 {Threatens to win with Qc4.} Qe5 49. h3 Qb2+ 50. Qc2 Qd4+ 51. Ke2 {White threatens Qc4+ and mate.} Qe5+ 52. Kd3 Qd5+ (52... Qg3+ 53. Kd4 Qh4+ 54. Kc3 Qe1+ 55. Kc4 Qe6+ 56. Kb4 Qe7+ 57. Qc5 Qe1+ 58. Kb5 Kg7) 53. Kc3 Qe5+ 54. Kb4 Qe7+ 55. Kc3 Qe5+ $1 56. Kd3 $2 (56. Kc4 $1 $18) 56... Qg3+ $2 {[%mdl 8192]} (56... Qd5+ $11 {and Black has nothing to worry.} 57. Kc3 Kf8) 57. Ke4 Qh4+ 58. Kf3 {Qc4+ would kill now.} Qf6+ 59. Ke2 (59. Ke3 $142 {And now Qc4+ would win.} Qg5+ 60. Kd4) 59... Qe5+ {[#]} 60. Kd1 $1 {White is clearly winning.} Qd4+ (60... Qa1+ $142 61. Qc1 Qa2 62. Qc4+ Kh8 63. Qc3+ Kg8) 61. Qd2 Qa1+ 62. Kc2 Qa2+ 63. Kc3 Qa1+ 64. Kb4 Qe5 65. a5 Qe7+ 66. Ka4 Qe8+ {[#]} 67. Ka3 $1 Qe5 68. b4 {Hoping for a6.} Qg3+ 69. Ka4 {Strongly threatening a6.} Qe5 70. Qa2+ Kf8 71. Qf2+ Kg8 72. a6 Qa1+ 73. Kb5 Qe5+ 74. Qc5 {Weighted Error Value: White=0.27 (precise) /Black=0.43} 1-0

[Event "MPL 47th National Women Chess-ch 2022"]
[Site "Odisha"]
[Date "2022.02.27"]
[Round "5.5"]
[White "Pandey Srishti"]
[Black "Kulkarni Bhakti"]
[Result "0-1"]
[WhiteElo "2177"]
[BlackElo "2388"]
[Annotator "TA"]
[PlyCount "106"]
[EventDate "2022.02.25"]
[EventCountry "IND"]
[SourceTitle "playchess.com"]
[Source "ChessBase"]
[SourceQuality "1"]

{[%evp 21,106,63,68,30,47,41,48,50,37,50,43,37,45,58,64,58,73,31,37,-152,-107,-81,0,-236,0,-212,-204,-323,-287,-291,-70,-97,-92,-922,-913,-887,-879,-843,-331,-270,-330,-322,-308,-316,-322,-304,-308,-268,-260,-487,-485,-470,-471,-364,0,-338,-355,-312,-172,-164,-154,-152,-119,-279,-276,-267,-227,-281,-216,-224,-211,-286,-280,-434,-431,-445,-445,-442,-436,-435,-433,-686,-686,-679,-664,-2198,-1020]} 1. d4 Nf6 2. c4 g6 3. Nc3 Bg7 4. e4 d6 5. Nf3 {[%cal Bg1f3,Bf3e1,Be1d3][%mdl 32]} O-O 6. Be2 e5 7. O-O Nc6 8. d5 Ne7 9. Ne1 Ne8 10. Nd3 f5 11. f3 Nf6 12. b4 {12.c5 is a critical line. E99: King's Indian: Classical Main Line: 9 Ne1 Nd7 10 f3 f5.} a5 13. bxa5 Rxa5 14. a4 {White is slightly better.} b6 15. Bd2 {[#]} Kh8 $146 ({Predecessor:} 15... Bd7 16. Nf2 h5 17. Nb5 Ne8 18. Bxa5 bxa5 19. Qd2 Qa8 20. c5 Rf6 21. c6 Bc8 {1-0 (53) Rendboe,J (2280)-Christensen,B (2254) Denmark 2011}) 16. Kh1 Neg8 17. exf5 gxf5 18. Nb5 Ra8 19. Bc3 (19. a5 $16) 19... f4 $14 20. g3 $2 (20. a5 $14 {keeps the upper hand.}) 20... fxg3 $17 21. hxg3 Nh5 (21... Nh6 $17 22. Rg1 Nf5) 22. Rg1 $2 (22. Qe1 $11) 22... Rf6 $2 (22... Qg5 $1 $19 23. Qe1 (23. Nxc7 $2 Nxg3+ 24. Rxg3 Qxg3 $19) 23... Qh6) 23. f4 $2 (23. g4 $1 $11 {and White stays safe.}) 23... Rh6 $1 $19 24. Kg2 {[#]} (24. Bxh5 {keeps fighting.} Nf6 25. Kg2 (25. fxe5 $2 Nxh5 26. Kg2 Qg5 $19) 25... Rxh5 26. Nf2 (26. fxe5 $2 Bh3+ 27. Kf2 dxe5 $19)) 24... Nxg3 $1 {[%mdl 512]} 25. Kxg3 Rh3+ $2 (25... Qh4+ 26. Kf3 e4+ 27. Ke3 (27. Kxe4 Bxc3 28. Nxc3 Qf6 $17) 27... Bxc3 28. Nxc3 $15) (25... exf4+ $19 26. Nxf4 (26. Kf2 $2 Qh4+ 27. Kf3 Qh3+ 28. Kf2 Qe3+ 29. Kf1 Bh3+ 30. Ke1 Bxc3+ 31. Nxc3 f3 $19) 26... Be5 27. Bxe5+ (27. Kf3 $2 Qf6 $19) 27... dxe5) 26. Kg2 $15 Qh4 $1 {[%mdl 1024] ( -> ...Rg3+). Black has strong compensation.} 27. Be1 {[%mdl 8192] Prevents Rg3+.} (27. fxe5 Rg3+ 28. Kf2 Rxd3+ 29. Kf1 Bh3+ 30. Rg2 Bxg2+ 31. Kxg2 Qh3+ 32. Kf2 Qh2+ 33. Kf1 Rf8+) (27. Kf1 $17 Rh2 28. Bg4) 27... Rh2+ $19 28. Kf3 Qh3+ 29. Rg3 Qh5+ $2 (29... Bg4+ 30. Ke3 Rxe2+ 31. Qxe2 exf4+ 32. Nxf4 Re8+ 33. Kd2 Rxe2+ 34. Nxe2 Qh6+ 35. Kc2 Qg6+ 36. Kb3 Bxa1 37. Bc3+ Bxc3 38. Nbxc3 Nf6) 30. Ke3 exf4+ {[%mdl 64] Overworked Piece} 31. Nxf4 Qe5+ 32. Kf3 Qxa1 33. Qxa1 Bxa1 {Really sharp!} 34. a5 bxa5 35. Rg1 $2 (35. Nxc7 Rb8 36. Nb5) 35... Be5 36. Nd3 Rh3+ 37. Kg2 Rh2+ ({Stronger than} 37... Re3 38. Kf2 Rxd3 39. Bxd3 $17) 38. Kf3 Bg7 ({Wrong is} 38... Rh3+ $2 39. Kg2 Rh2+ 40. Kf3) 39. Bg3 {[#]} Rxe2 40. Kxe2 Bg4+ 41. Kd2 Nf6 {Strongly threatening ...Ne4+.} 42. Bh2 $2 (42. Nxc7 $17 {was called for.} Rc8 43. Nb5 Ne4+ 44. Ke3 Rxc4 45. Bxd6) 42... Re8 {White must now prevent ...Re2+.} 43. Re1 {To avoid Re2+} Bh6+ 44. Kc2 Rxe1 45. Nxe1 Ne8 46. Nd3 Bf5 {Hoping for ...Bg7.} 47. Kc3 (47. Nd4 $142 Be4 48. Ne6) 47... Bg7+ {Black is clearly winning.} 48. Kd2 Bxd3 49. Kxd3 a4 50. Kc2 h5 51. Kd3 (51. Nc3 $142 a3 52. Kb3) 51... Kh7 52. Ke2 Kg6 53. Nxc7 {[#]} Nxc7 {Weighted Error Value: White=0.85/Black=0.42} (53... a3 $142 $1 54. Nxe8 a2 55. Bxd6 a1=Q 56. Nxg7 Kxg7) 0-1

[Event "MPL 47th National Women Chess-ch 2022"]
[Site "Odisha"]
[Date "2022.02.27"]
[Round "5.6"]
[White "Bommini Mounika Akshaya"]
[Black "Nandhidhaa, P V"]
[Result "1-0"]
[WhiteElo "2145"]
[BlackElo "2380"]
[Annotator "TA"]
[PlyCount "107"]
[EventDate "2022.02.25"]
[EventCountry "IND"]
[SourceTitle "playchess.com"]
[Source "ChessBase"]
[SourceQuality "1"]

{[%evp 19,107,6,5,-13,-14,-6,-12,-26,-32,-24,-26,-35,-15,-31,-27,-41,0,-66,-31,-43,-8,-15,0,0,15,8,23,23,27,29,92,84,93,95,120,71,71,70,112,118,129,128,190,134,145,150,148,90,102,96,95,58,64,81,135,127,125,125,193,187,190,133,129,141,328,334,342,332,430,421,436,363,396,408,402,395,499,493,491,487,469,477,649,633,763,750,725,725,1081,1058]} 1. d4 Nf6 2. Nf3 e6 3. c4 d5 4. Nc3 Be7 5. Bf4 O-O 6. e3 c5 7. dxc5 Bxc5 8. Be2 dxc4 9. Bxc4 a6 10. Qxd8 Rxd8 11. Ke2 {D37: Queen's Gambit Declined: 5 Bf4.} b5 12. Rhd1 {[#]} Nbd7 $146 ({Predecessor:} 12... Rxd1 13. Rxd1 Nbd7 14. Bb3 Bb7 15. g4 Nf8 16. g5 Ne8 17. h4 Rc8 18. h5 Be7 {½-½ (42) Rasmussen,K (2449)-Antonsen,M (2447) Skorping 2017}) 13. Bb3 {The position is equal.} Bb7 14. Rac1 h6 15. h3 Bf8 16. a3 Rdc8 17. Kf1 Rc5 (17... Nc5 $15 {was preferrable.} 18. Ba2 Ncd7) 18. e4 (18. Ne1 $11) 18... Rcc8 19. Nd2 {[%cal Bf3d2,Bd2b3,Bb3a5][%mdl 32]} Nc5 {[#] White must now prevent ...Nd3.} (19... g5 $5 {[%cal Rg5f4]} 20. Be3 Rc7 $15) 20. Bc2 {Prevents Nd3.} Bc6 21. b4 Ncd7 22. Nb3 Nb6 23. Na5 Be8 24. Bb3 Nc4 (24... Nfd7 $11) 25. Bxc4 $16 bxc4 26. Bd6 {White is much more active.} Ra7 27. Bxf8 (27. e5 $142 Nd7 28. Ne4) 27... Kxf8 28. Rd4 Ke7 (28... Rac7 $14) 29. Rxc4 Rxc4 30. Nxc4 Rd7 (30... Rc7 $16 {was called for.}) 31. Ke2 (31. e5 $18) 31... Rd4 32. Nd2 Rd8 33. Nb3 (33. Ke3 $142) 33... Nd7 34. f4 Nb6 35. Na5 {Inhibits Nc4.} g5 $1 36. g3 Bd7 (36... gxf4 $142 37. gxf4 f5) 37. Ke3 Rg8 38. Kf3 h5 (38... Rc8 $16 39. Ne2 Rxc1 40. Nxc1 f6) 39. Ne2 $18 gxf4 40. Nxf4 ({Don't take} 40. Kxf4 $6 f6 $16) (40. Nc6+ $18 Kf6 41. Nxf4 (41. Kxf4 Re8 $16)) 40... e5 $16 41. Nd3 {aiming for Rc7. Pair of Knights!} Kd6 {[#] Inhibits Rc7. A mistake that costs the game.} (41... f6 $16 {might work better.} 42. Rc7 Rc8 43. Rxc8 Bxc8) 42. Nb7+ $18 Ke7 43. Nxe5 Bxh3 44. Rc7+ Ke6 45. Nd3 Bf1 46. Nf4+ Ke5 47. Rxf7 Nc4 48. Rd7 {White is clearly winning.} Nxa3 49. Rd5+ Kf6 50. Nxh5+ Kg6 51. Nf4+ Kf7 52. Nd6+ Ke7 53. Nf5+ Kf6 54. Rd6+ {Weighted Error Value: White=0.13 (very precise) /Black=0.29 (precise)} 1-0

[Event "MPL 47th National Women Chess-ch 2022"]
[Site "Odisha"]
[Date "2022.02.27"]
[Round "5.7"]
[White "Padmini, Rout"]
[Black "Swati Ghate"]
[Result "1-0"]
[WhiteElo "2350"]
[BlackElo "2136"]
[Annotator "TA"]
[PlyCount "71"]
[EventDate "2022.02.25"]
[EventCountry "IND"]
[SourceTitle "playchess.com"]
[Source "ChessBase"]
[SourceQuality "1"]

{[%evp 22,71,-8,-33,8,4,18,29,52,60,59,0,18,-97,-99,-80,0,11,28,31,35,50,130,132,153,144,147,143,140,135,187,195,194,187,317,303,308,272,6327,6287,2014,1741,4918,392,359,357,1427,381,392,376,1220,452]} 1. e4 c5 2. Nf3 e6 3. c3 Nf6 4. d3 Nc6 5. Nbd2 Qc7 6. g3 d5 7. Bg2 Be7 8. O-O O-O 9. Qe2 b6 10. Re1 Ba6 11. e5 Nd7 12. Nf1 Rae8 {C00: French: Unusual White 2nd moves.} (12... d4 $15) 13. Bf4 $11 Qd8 {White must now prevent ...g5.} 14. h4 {Prevents g5.} f6 {White has an edge.} 15. exf6 Bxf6 16. Bd6 (16. Rad1 $1 $14) 16... Rf7 17. Ng5 (17. Ne3 $11 {keeps the balance.}) 17... Bxg5 $17 18. hxg5 Nf8 {[#]} (18... Qxg5 $17 19. Ne3 Rd8) 19. Bxf8 $146 ({Predecessor:} 19. Bf4 e5 20. Rad1 Rfe7 21. Bc1 e4 22. Qh5 g6 23. Qh1 Bxd3 24. Ne3 Ne5 25. c4 Nxc4 {0-1 (43) Ristoja,J (2292)-Sofiev,A (2150) Finland 2007}) 19... Kxf8 20. Ne3 Ne5 21. Rad1 $36 {[%mdl 2048] White has the initiative.} Ng6 {White now steadily converts the win.} ({Black should play} 21... Qxg5 $14 22. f4 Qxg3) 22. Qh5 $1 $16 d4 23. Ng4 {Strongly threatening f4.} Bb7 24. Bxb7 (24. Qxh7 $6 Qxg5 25. Bxb7 Rxb7 $11) 24... Rxb7 25. cxd4 (25. Qxh7 $6 Qxg5 26. Re4 Rd7 $11) 25... cxd4 (25... Rc7 $16 26. Qxh7 Qxg5) 26. f4 $1 $18 ({Resist} 26. Qxh7 $6 Qxg5 27. Re4 e5 $14) 26... Kg8 27. Rd2 Rbe7 (27... Rb8 {keeps fighting.} 28. Rh2 Nf8) 28. Rh2 Nf8 29. g6 {Threatens to win with Ne5.} ({Weaker is} 29. Ne5 g6 30. Qe2 Qd6 $16) 29... h6 $2 {[#]} (29... Qc7 30. Rf1 Qc5) 30. Nxh6+ $1 {[%mdl 512]} gxh6 31. Qxh6 {[%csl Gh2][%cal Rh6h8]} Nxg6 32. Qxg6+ $2 (32. f5 Rd7 33. Qxg6+ Rg7 34. Qh5) 32... Rg7 33. Qh5 Rf8 $2 (33... Qe7 34. Kg2 Rh7 35. Qg6+ Rg7) 34. Kf2 $2 (34. Rxe6 {Threatening mate with Rg6.} Rxg3+ 35. Kf2) 34... Qd7 35. Qe5 {Reh1 is the strong threat.} Re8 $2 (35... Rc8 36. Rh6 (36. Qxe6+ Qxe6 37. Rxe6 Rc2+ 38. Re2 Rxe2+ 39. Kxe2 Rxg3 $16) 36... Rc5 37. Qb8+ Rc8) 36. Rh6 {Weighted Error Value: White=0.60/Black=0.42} (36. Reh1 $142 Kf7 {[#]} 37. Qxg7+ $3 {[%mdl 512]} Kxg7 38. Rh7+ Kg8 39. Rxd7) 1-0

[Event "MPL 47th National Women Chess-ch 2022"]
[Site "Odisha"]
[Date "2022.02.27"]
[Round "5.8"]
[White "Nimmy, A.G."]
[Black "Pratyusha, Bodda"]
[Result "0-1"]
[WhiteElo "2110"]
[BlackElo "2328"]
[Annotator "TA"]
[PlyCount "96"]
[EventDate "2022.02.25"]
[EventCountry "IND"]
[SourceTitle "playchess.com"]
[Source "ChessBase"]
[SourceQuality "1"]

{[%evp 15,96,10,18,19,3,6,29,-44,-50,-54,-46,-98,-95,-103,-101,-83,-79,-156,-146,-146,-154,-168,-172,-159,-160,-174,-141,-156,-152,-158,-160,-175,-176,-201,-189,-203,-197,-189,-45,-50,-47,-52,-42,-50,-12,-35,-35,-35,-35,-35,-35,-35,-35,-35,-35,-96,-84,-126,-126,-161,-136,-140,-139,-132,0,-146,-140,-147,-146,-145,-135,-211,-210,-345,-343,-304,-282,-456,-452,-444,-430,-1008,-1000]} 1. e4 c6 2. d4 d5 3. exd5 cxd5 4. Bd3 Nc6 5. c3 Nf6 6. Bg5 Bg4 7. Qb3 Qd7 8. Nd2 e6 9. Ngf3 {B13: Caro-Kann: Exchange Variation and Panov-Botvinnik Attack.} Bd6 {To avoid Ne5} 10. O-O Qc7 {[#]} 11. Ne5 $146 ({Better is} 11. Rfe1 $11) ({Predecessor:} 11. Rfe1 O-O-O 12. Qa4 Bxf3 13. Nxf3 Kb8 14. h3 h6 15. Bd2 g5 16. c4 dxc4 17. Bxc4 {0-1 (35) Viaggi,G (2120)-Tortarolo,M (2235) Imperia 1996}) 11... Bxe5 $15 12. dxe5 Nd7 {[%cal Bf6d7,Bd7c5,Bc5d3][%mdl 32]} 13. f4 (13. Bf4 $15) 13... Nc5 $17 {[%csl LRb3,LRd3]} 14. Qc2 Nxd3 15. Qxd3 Qb6+ 16. Kh1 (16. Rf2 $142) 16... Bf5 ({Weaker is} 16... Qxb2 17. Rfb1 Bf5 18. Rxb2 $17) 17. Qg3 Qxb2 18. Nb3 Rc8 19. Bh4 O-O 20. h3 Kh8 21. Rf2 Qa3 22. Qe3 b6 23. Rc1 Na5 24. Nxa5 Qxa5 25. g4 Be4+ 26. Kh2 Qc5 (26... Rfe8 $19 {...Qa3 is the strong threat.} 27. c4 Qc5 28. Qxc5 Rxc5) 27. Qxc5 $15 bxc5 28. Be7 $1 Rfe8 29. Bd6 Red8 30. Rb2 d4 $36 {[%mdl 2048] Black has the initiative.} 31. cxd4 cxd4 32. Rxc8 Rxc8 {[%mdl 4096] Endgame KRB-KRB} 33. Rb4 Bd5 34. Rxd4 Rc2+ 35. Kg1 (35. Kg3 $15) 35... Rxa2 {Black is more active.} 36. Rb4 ({White should play} 36. Rd3) 36... h6 $17 37. Rb8+ Kh7 38. Rf8 Kg6 39. Rg8 Kh7 40. Rf8 $1 {[#]} Rg2+ $1 41. Kf1 Rg3 42. Rxf7 Rxh3 43. Be7 {Inhibits Rh4.} (43. Rf8 $17) 43... Rg3 $19 44. g5 (44. f5 $142) 44... Kg6 45. Rf8 {[%cal Of4f5]} h5 ({Not} 45... hxg5 $2 46. fxg5 Rg4 47. Ke2 $19) 46. Kf2 $2 {[#]} (46. f5+ exf5 47. Rd8 Bc4+ 48. Kf2) 46... Rf3+ {Black is clearly winning.} 47. Kg1 a5 {To avoid Bb4} 48. Rg8 (48. f5+ $142 Rxf5 49. Rxf5 Kxf5 50. Kf2) 48... Kf7 {Weighted Error Value: White=0.31/Black=0.14 (very precise)} 0-1